[Event "WC-2022-S-00003"]
[Site "LSS email"]
[Date "2022.06.21"]
[Round "?"]
[White "Quinones Borda, Jorge Victor"]
[Black "Muniz, Alberto"]
[Result "1/2-1/2"]
[WhiteElo "2308"]
[BlackElo "2303"]
[PlyCount "54"]
[EventDate "2022.06.21"]
[EventType "tourn (corr)"]
[EventRounds "12"]
[EventCountry "GER"]
[SourceTitle "Corr 2024"]
[Source "ChessBase"]
[SourceDate "2023.10.19"]
[SourceVersion "1"]
[SourceVersionDate "2023.10.19"]
[SourceQuality "1"]

1. c4 e5 2. g3 Nf6 3. Bg2 d5 4. cxd5 Nxd5 5. Nc3 Nb6 6. Nf3 Nc6 7. 0-0 Be7 8. d3 0-0 9. Be3 Re8 10. Rc1 Bf8 11. Ne4 a5 12. Qc2 a4 13. a3 Be6 14. Nc5 Bxc5 15. Bxc5 Bb3 16. Qb1 Qd7 17. Nd2 Be6 18. Bxb6 cxb6 19. Nc4 Nd4 20. Rfe1 Qc7 21. Ne3 Qe7 22. Nd5 Bxd5 23. Bxd5 Rad8 24. Qa2 Qd7 25. e3 Ne6 26. Be4 Nc5 27. Qc4 g6 1/2-1/2

[Event "WC-2022-S-00003"]
[Site "LSS email"]
[Date "2022.06.21"]
[Round "?"]
[White "Susla, Vitaliy"]
[Black "Quinones Borda, Jorge Victor"]
[Result "1/2-1/2"]
[WhiteElo "2331"]
[BlackElo "2308"]
[PlyCount "55"]
[EventDate "2022.06.21"]
[EventType "tourn (corr)"]
[EventRounds "12"]
[EventCountry "GER"]
[SourceTitle "Corr 2024"]
[Source "ChessBase"]
[SourceDate "2023.10.19"]
[SourceVersion "1"]
[SourceVersionDate "2023.10.19"]
[SourceQuality "1"]

1. d4 Nf6 2. c4 e6 3. Nc3 d5 4. Nf3 Be7 5. g3 0-0 6. Bg2 dxc4 7. 0-0 Nc6 8. e3 Rb8 9. Qa4 Nb4 10. Ne5 Bd7 11. Qxa7 Qc8 12. Nxd7 Qxd7 13. Qa4 Qxa4 14. Nxa4 Rfd8 15. b3 b5 16. Nc3 Nc2 17. Rb1 b4 18. Na4 c3 19. Bf3 Rbc8 20. Bd1 Na3 21. Bxa3 bxa3 22. Bf3 c5 23. dxc5 Bxc5 24. Nxc3 Bxe3 25. fxe3 Rxc3 26. b4 Kf8 27. b5 Rb8 28. b6 1/2-1/2

[Event "WC-2021-S-00005"]
[Site "LSS email"]
[Date "2021.04.03"]
[Round "?"]
[White "Kahl, Fred"]
[Black "Quinones Borda, Jorge Victor"]
[Result "1/2-1/2"]
[WhiteElo "2427"]
[BlackElo "2311"]
[PlyCount "79"]
[EventDate "2021.04.03"]
[EventType "tourn (corr)"]
[EventRounds "6"]
[EventCountry "GER"]
[SourceTitle "Corr 2024"]
[Source "ChessBase"]
[SourceDate "2023.10.19"]
[SourceVersion "1"]
[SourceVersionDate "2023.10.19"]
[SourceQuality "1"]

1. Nf3 d5 2. g3 Nf6 3. Bg2 c6 4. 0-0 Bg4 5. c4 e6 6. Qb3 Qb6 7. Qc2 Nbd7 8. d3 dxc4 9. Qxc4 Bxf3 10. Bxf3 Ne5 11. Qf4 Nxf3+ 12. Qxf3 Bc5 13. Nd2 0-0 14. Rb1 Nd5 15. e4 Nc7 16. Nc4 Qa6 17. Bf4 Nb5 18. Qg4 Rfd8 19. Bg5 Rd7 20. a4 Nd4 21. b3 Bf8 22. Ne5 Rc7 23. h4 c5 24. h5 f5 25. Qd1 Nc6 26. Nc4 b6 27. h6 gxh6 28. Bf4 Rf7 29. Re1 Rd8 30. exf5 exf5 31. Qh5 Qc8 32. Rbc1 Rxd3 33. b4 Rd8 34. bxc5 bxc5 35. Bxh6 Bxh6 36. Qxh6 Nd4 37. Ne5 Rg7 38. Rc3 Re8 39. Qh5 Rge7 40. Qg5+ 1/2-1/2

[Event "WC-2021-S-00005"]
[Site "LSS email"]
[Date "2021.04.03"]
[Round "?"]
[White "Quinones Borda, Jorge Victor"]
[Black "Bernal Varela, Nelson"]
[Result "1/2-1/2"]
[WhiteElo "2311"]
[BlackElo "2420"]
[PlyCount "46"]
[EventDate "2021.04.03"]
[EventType "tourn (corr)"]
[EventRounds "6"]
[EventCountry "GER"]
[SourceTitle "Corr 2024"]
[Source "ChessBase"]
[SourceDate "2023.10.19"]
[SourceVersion "1"]
[SourceVersionDate "2023.10.19"]
[SourceQuality "1"]

1. d4 e6 2. e4 d5 3. Nc3 Nf6 4. Bg5 dxe4 5. Nxe4 Be7 6. Bxf6 gxf6 7. Nf3 f5 8. Nc3 a6 9. g3 b5 10. Bg2 Bb7 11. 0-0 c5 12. d5 b4 13. dxe6 bxc3 14. exf7+ Kf8 15. Qe2 cxb2 16. Rad1 Qb6 17. Rfe1 Qf6 18. c3 Be4 19. Qxb2 Nc6 20. Nh4 Rd8 21. Rxd8+ Nxd8 22. Bxe4 fxe4 23. Rxe4 Nxf7 1/2-1/2

[Event "CP-2019-Q-00001"]
[Site "LSS email"]
[Date "2019.11.27"]
[Round "?"]
[White "Baroin, Bernard"]
[Black "Quinones Borda, Jorge Victor"]
[Result "1/2-1/2"]
[WhiteElo "2166"]
[BlackElo "2294"]
[PlyCount "62"]
[EventDate "2019.12.01"]
[EventType "tourn (corr)"]
[EventRounds "6"]
[EventCountry "GER"]
[SourceTitle "Corr 2022"]
[Source "ChessBase"]
[SourceDate "2021.10.24"]
[SourceVersion "1"]
[SourceVersionDate "2021.10.24"]
[SourceQuality "1"]

1. e4 c5 2. Nf3 e6 3. Nc3 Nc6 4. d4 cxd4 5. Nxd4 Qc7 6. Qd3 Nf6 7. Nxc6 dxc6 8. Qg3 Qxg3 9. hxg3 e5 10. f3 Be6 11. g4 h5 12. Be3 Be7 13. 0-0-0 g6 14. Kb1 Rh7 15. g5 Nd7 16. Nd5 Bd8 17. Nb4 Bb6 18. Bd2 Nc5 19. Bc3 Rd8 20. Nd3 Nxd3 21. Rxd3 Bc7 22. a4 h4 23. Be1 Rxd3 24. Bxd3 h3 25. gxh3 Rxh3 26. Rxh3 Bxh3 27. Bc4 a6 28. a5 Bg2 29. Be2 Bd8 30. Bd2 Kd7 31. Kc1 c5 1/2-1/2

[Event "CP-2019-Q-00001"]
[Site "LSS email"]
[Date "2019.11.27"]
[Round "?"]
[White "Quinones Borda, Jorge Victor"]
[Black "Borisovs, Leonids"]
[Result "1/2-1/2"]
[WhiteElo "2294"]
[BlackElo "2221"]
[PlyCount "99"]
[EventDate "2019.12.01"]
[EventType "tourn (corr)"]
[EventRounds "6"]
[EventCountry "GER"]
[SourceTitle "Corr 2022"]
[Source "ChessBase"]
[SourceDate "2021.10.24"]
[SourceVersion "1"]
[SourceVersionDate "2021.10.24"]
[SourceQuality "1"]

1. e4 c5 2. Nf3 d6 3. d4 cxd4 4. Nxd4 Nf6 5. Nc3 a6 6. Be3 e5 7. Nb3 Be6 8. f3 h5 9. Nd5 Bxd5 10. exd5 g6 11. Qd2 Nbd7 12. Be2 Bg7 13. 0-0 b6 14. c4 0-0 15. Rad1 Re8 16. h3 Rc8 17. Qe1 Nh7 18. Nd2 f5 19. b4 a5 20. bxa5 bxa5 21. Nb3 Ng5 22. Qxa5 Qxa5 23. Nxa5 Bh6 24. Kh1 Nf7 25. Bxh6 Nxh6 26. Rb1 Nf7 27. Nb7 e4 28. a4 exf3 29. Bxf3 Rxc4 30. a5 Ra8 31. Rfe1 Rc7 32. Be2 Nf6 33. a6 Nxd5 34. Rb2 h4 35. Na5 Kg7 36. Ra1 Ne5 37. Nb3 Nc3 38. Bf1 Ne4 39. Kg1 Kf6 40. Nd4 Nd7 41. Nb5 Rc6 42. a7 Ne5 43. Nd4 Rc7 44. Rba2 Ke7 45. Nb5 Rc6 46. Ra3 Kd7 47. Nd4 Rc7 48. Nb5 Rc6 49. Nd4 Rc7 50. Ra5 1/2-1/2

[Event "WC-2019-S-00003"]
[Site "LSS email"]
[Date "2019.08.28"]
[Round "?"]
[White "Dard, Michel"]
[Black "Quinones Borda, Jorge Victor"]
[Result "1/2-1/2"]
[WhiteElo "2289"]
[BlackElo "2289"]
[PlyCount "95"]
[EventDate "2019.09.01"]
[EventType "tourn (corr)"]
[EventRounds "12"]
[EventCountry "GER"]
[SourceTitle "Corr 2024"]
[Source "ChessBase"]
[SourceDate "2023.10.19"]
[SourceVersion "1"]
[SourceVersionDate "2023.10.19"]
[SourceQuality "1"]

1. e4 c5 2. Nc3 Nc6 3. Nf3 g6 4. Bb5 Bg7 5. 0-0 d6 6. e5 dxe5 7. Bxc6+ bxc6 8. Re1 Qc7 9. b3 Nh6 10. d3 Bg4 11. h3 Bxf3 12. Qxf3 Nf5 13. Ne4 Nd4 14. Qd1 Qb6 15. a4 f5 16. a5 Qb5 17. Nc3 Qa6 18. Bd2 Rd8 19. Na4 Ne6 20. Bc3 Rd5 21. Bb2 Qb7 22. c4 Rd4 23. Bxd4 Nxd4 24. Nxc5 Qb4 25. Na4 Qxa5 26. Ra2 Ne6 27. Qd2 Qxd2 28. Rxd2 a5 29. d4 Nxd4 30. Nc5 Kf7 31. Ra2 e4 32. Rxa5 Rb8 33. Ra2 Ne6 34. Nxe6 Kxe6 35. Ra6 Rxb3 36. Rxc6+ Kf7 37. g4 Bd4 38. gxf5 gxf5 39. Rd1 e5 40. c5 f4 41. Re1 e3 42. fxe3 Bxe3+ 43. Kf1 Bd4 44. Rc1 Rxh3 45. Kg2 Ra3 46. Rc7+ Kg6 47. c6 Be3 48. Rh1 1/2-1/2